000 00208nam a2200097Ia 4500
008 190216s9999||||xx |||||||||||||| ||und||
100 _aGupta R L
245 0 _aAdvanced Accounting
260 _bNull
942 _cBK
999 _c3967
_d3967